| 000 | 00673cam a22002054a 4500 | ||
|---|---|---|---|
| 001 | 4995123 | ||
| 005 | 20241214154542.0 | ||
| 008 | 990312s2000 paua b 001 0 eng c | ||
| 020 | _a9780683306491 | ||
| 050 | 0 | 0 |
_aQM451 _b.H18 2000 |
| 082 | 0 | 0 |
_a611/.8 _221 |
| 100 | 1 | _aHaines, Duane E. | |
| 245 | 1 | 0 |
_aNeuroanatomy : _ban atlas of structures, sections, and systems / _cDuane E. Haines. |
| 250 | _a5th ed. | ||
| 260 |
_aPhiladelphia : _bLippincott Williams & Wilkins, _cc2000. |
||
| 300 |
_axi, 256 p. : _bill. (some col.) ; _c30 cm. |
||
| 650 | 0 |
_aNeuroanatomy _vAtlases. |
|
| 650 | 1 | 2 |
_aCentral Nervous System _xanatomy & histology _vAtlases. |
| 942 |
_2lcc _cBK _e5th ed. _n0 |
||
| 999 |
_c2236 _d2236 |
||